| 000 | 01328cam a22003131i 4500 | ||
|---|---|---|---|
| 003 | SA-RiAUC | ||
| 005 | 20241011162129.0 | ||
| 008 | 241006s1983 su g b 000r0 ara c | ||
| 040 |
_aSA-RiAUC _bara _cSA-RiAUC _erda |
||
| 043 | _aa-su--- | ||
| 050 | 4 | _b.K48 1983 | |
| 082 | 0 | 4 | _a378.5 |
| 090 |
_a378.5 _bخ ض ي |
||
| 100 | 1 |
_aالخضير، خضير سعود، _d1363 هجري- _eمؤلف. |
|
| 245 | 1 | 2 |
_aالتجربة الأكاديمية والاجتماعية لجامعة البترول والمعادن كما يراها الخريجون : _bدراسة تحليلية / _cخضير سعود الخضير. |
| 250 | _aالطبعة الأولى. | ||
| 264 | 1 |
_aجدة، السعودية : _bتهامة للنشر، _c1983 |
|
| 300 |
_a77 صفحة ؛ _c24 سم. |
||
| 336 |
_aنص _btxt _2rdacontent _3كتاب |
||
| 337 |
_aبدون وسيط _bn _2rdamedia |
||
| 338 |
_aمجلد _bnc _2rdacarrier |
||
| 490 | 1 |
_aالكتاب الجامعي ؛ _v21 |
|
| 504 | _aببليوجرافية : صفحة 75-77. | ||
| 610 | 2 | 7 |
_aجامعة البترول والمعادن _2aucnm |
| 650 | 7 |
_aالجامعات والكليات _zالسعودية _2aucsh |
|
| 830 | 2 |
_aالكتاب الجامعي (تهامة للنشر والتوزيع) _v21 |
|
| 942 |
_2ddc _cBOOK _n0 |
||
| 949 |
_aSA-JeALM _d241006 _umohamedma123 _n1 |
||
| 999 |
_c1192 _d1192 |
||